Countries of the World in Official Names - Statistics

General Stats
  • This quiz has been taken 18 times
  • The average score is 55 of 196
Answers on the Map
Answers color-coded by a green-red scale on the quiz's map according to % correct below.
 
Answer Stats
Country % Correct
Canada
100%
United States of America
100%
People’s Republic of China
60%
Ireland
47%
Japan
47%
Kingdom of Denmark
47%
New Zealand
47%
Republic of Chile
47%
Democratic People’s Republic of Korea
40%
French Republic
40%
Iceland
40%
Kingdom of Norway
40%
Kingdom of Spain
40%
Kingdom of Sweden
40%
Kingdom of the Netherlands
40%
Republic of Chad
40%
Republic of Colombia
40%
Republic of Costa Rica
40%
Republic of Ecuador
40%
Republic of El Salvador
40%
Republic of Guatemala
40%
Republic of Honduras
40%
Republic of Korea
40%
Republic of Nicaragua
40%
Republic of Panama
40%
Republic of Peru
40%
Russian Federation
40%
United Arab Emirates
40%
United Kingdom of Great Britain and Northern Ireland
40%
Argentine Republic
33%
Barbados
33%
Belize
33%
Commonwealth of Australia
33%
Democratic Republic of the Congo
33%
Dominican Republic
33%
Grenada
33%
Islamic Republic of Afghanistan
33%
Islamic Republic of Iran
33%
Islamic Republic of Pakistan
33%
Jamaica
33%
Republic of Angola
33%
Republic of Austria
33%
Republic of Cuba
33%
Republic of Estonia
33%
Republic of Ghana
33%
Republic of Haiti
33%
Republic of India
33%
Republic of Iraq
33%
Republic of Latvia
33%
Republic of Lithuania
33%
Republic of Mozambique
33%
Republic of Niger
33%
Republic of Paraguay
33%
Republic of Poland
33%
Republic of South Africa
33%
Republic of Suriname
33%
Republic of the Congo
33%
Republic of Türkiye
33%
Saint Kitts and Nevis
33%
Saint Lucia
33%
Saint Vincent and the Grenadines
33%
Swiss Confederation
33%
United Mexican States
33%
Antigua and Barbuda
27%
Arab Republic of Egypt
27%
Bosnia and Herzegovina
27%
Burkina Faso
27%
Czech Republic
27%
Central African Republic
27%
Federal Republic of Germany
27%
Federated States of Micronesia
27%
Gabonese Republic
27%
Georgia
27%
Grand Duchy of Luxembourg
27%
Hellenic Republic
27%
Italian Republic
27%
Kingdom of Belgium
27%
Kingdom of Bhutan
27%
Kingdom of Eswatini
27%
Kingdom of Lesotho
27%
Kingdom of Morocco
27%
Malaysia
27%
Mongolia
27%
Montenegro
27%
Oriental Republic of Uruguay
27%
Principality of Andorra
27%
Principality of Liechtenstein
27%
Principality of Monaco
27%
Republic of Albania
27%
Republic of Armenia
27%
Republic of Azerbaijan
27%
Republic of Belarus
27%
Republic of Benin
27%
Republic of Botswana
27%
Republic of Bulgaria
27%
Republic of Burundi
27%
Republic of Cameroon
27%
Republic of China
27%
Republic of Côte d’Ivoire
27%
Republic of Croatia
27%
Republic of Cyprus
27%
Republic of Djibouti
27%
Republic of Equatorial Guinea
27%
Republic of Fiji
27%
Republic of Finland
27%
Republic of Guinea
27%
Republic of Guinea-Bissau
27%
Republic of Indonesia
27%
Republic of Kazakhstan
27%
Republic of Kenya
27%
Republic of Kiribati
27%
Republic of Kosovo
27%
Republic of Liberia
27%
Republic of Madagascar
27%
Republic of Malawi
27%
Republic of Maldives
27%
Republic of Mali
27%
Republic of Malta
27%
Republic of Mauritius
27%
Republic of Moldova
27%
Republic of Namibia
27%
Republic of Nauru
27%
Republic of North Macedonia
27%
Republic of Palau
27%
Republic of Portugal
27%
Republic of Rwanda
27%
Republic of San Marino
27%
Republic of Senegal
27%
Republic of Serbia
27%
Republic of Seychelles
27%
Republic of Sierra Leone
27%
Republic of Singapore
27%
Republic of Slovenia
27%
Republic of South Sudan
27%
Republic of Tajikistan
27%
Republic of the Marshall Islands
27%
Republic of the Philippines
27%
Republic of Trinidad and Tobago
27%
Republic of Tunisia
27%
Republic of Uganda
27%
Republic of Uzbekistan
27%
Republic of Vanuatu
27%
Republic of Yemen
27%
Republic of Zambia
27%
Republic of Zimbabwe
27%
Romania
27%
Slovak Republic
27%
Solomon Islands
27%
State of Israel
27%
State of Libya
27%
Turkmenistan
27%
Tuvalu
27%
Ukraine
27%
Bolivarian Republic of Venezuela
20%
Commonwealth of Dominica
20%
Commonwealth of the Bahamas
20%
Federative Republic of Brazil
20%
Hashemite Kingdom of Jordan
20%
Hungary
20%
Kingdom of Cambodia
20%
Kingdom of Saudi Arabia
20%
Kingdom of Thailand
20%
Kingdom of Tonga
20%
Kyrgyz Republic
20%
Plurinational State of Bolivia
20%
Republic of Cabo Verde
20%
Sultanate of Oman
20%
Syrian Arab Republic
20%
Togolese Republic
20%
Co-operative Republic of Guyana
13%
Democratic Republic of São Tomé and Príncipe
13%
Federal Republic of Nigeria
13%
Independent State of Papua New Guinea
13%
Independent State of Samoa
13%
Islamic Republic of Mauritania
13%
Kingdom of Bahrain
13%
Lebanese Republic
13%
People’s republic of Bangladesh
13%
Republic of The Sudan
13%
Socialist Republic of Viet Nam
13%
State of Eritrea
13%
State of Kuwait
13%
State of Qatar
13%
Vatican City State
13%
Brunei Darussalam
7%
Democratic Republic of Timor-Leste
7%
Democratic Socialist Republic of Sri Lanka
7%
Federal Democratic Republic of Ethiopia
7%
Federal Democratic Republic of Nepal
7%
Federal Republic of Somalia
7%
Islamic Republic of the Gambia
7%
Lao People’s Democratic Republic
7%
People’s Democratic Republic of Algeria
7%
Republic of the Union of Myanmar
7%
Union of the Comoros
7%
United Republic of Tanzania
7%
No matching quizzes found
Score Distribution
Percent of People with Each Score
Percentile by Number Answered
Your Score History
You have not taken this quiz